The economics of industrial innovation
Salvato in:
| Autore principale: | |
|---|---|
| Natura: | Libro |
| Lingua: | Undetermined |
| Pubblicazione: |
London
Frances Pinter
1982
|
| Soggetti: | |
| Tags: |
Aggiungi Tag
Nessun Tag, puoi essere il primo ad aggiungerne! !
|
| Thư viện lưu trữ: | Trung tâm Học liệu Trường Đại học Cần Thơ |
|---|
| LEADER | 00473nam a2200169Ia 4500 | ||
|---|---|---|---|
| 001 | CTU_78335 | ||
| 008 | 210402s9999 xx 000 0 und d | ||
| 082 | |a 338.19 | ||
| 082 | |b F855 | ||
| 100 | |a Freeman, Christopher | ||
| 245 | 4 | |a The economics of industrial innovation | |
| 245 | 0 | |c Christopher Freeman | |
| 260 | |a London | ||
| 260 | |b Frances Pinter | ||
| 260 | |c 1982 | ||
| 650 | |a Technological innovations | ||
| 980 | |a Trung tâm Học liệu Trường Đại học Cần Thơ | ||